[Event "Continental Class Ch."]
[Site "Arlington, VA"]
[Date "2013.10.12"]
[Round "5.9"]
[White "Yanayt, Eugene"]
[Black "Reis, Renan do Carmo"]
[Result "0-1"]
[WhiteElo "2229"]
[BlackElo "2259"]
[PlyCount "108"]
[EventDate "2013.10.??"]
[EventType "swiss"]
[EventRounds "9"]
[EventCountry "USA"]
[SourceDate "2013.10.10"]

1. d4 d5 2. c4 c6 3. Nf3 e6 4. Qc2 Nf6 5. g3 dxc4 6. Qxc4 b5 7. Qc2 Bb7 8. Bg2
Nbd7 9. Ne5 Qb6 10. O-O Nxe5 11. dxe5 Nd7 12. Be3 c5 13. Bxb7 Qxb7 14. f4 c4
15. a4 h5 16. axb5 h4 17. Qxc4 Rc8 18. Rxa7 Bc5 19. Qxc5 Nxc5 20. Rxb7 Nxb7 21.
Nc3 hxg3 22. hxg3 Ke7 23. Kf2 Ra8 24. Kf3 Rhc8 25. Rb1 Na5 26. Ne4 Nc4 27. Bd4
Rab8 28. Ra1 Ra8 29. Rd1 Rab8 30. b3 Na5 31. Rd3 Rxb5 32. Nd6 Rcb8 33. Nxb5
Rxb5 34. b4 Nc6 35. Bc5+ Ke8 36. Rb3 Rxc5 37. e3 Rb5 38. Rc3 Nxb4 39. Rc8+ Kd7
40. Rg8 g6 41. Kg4 Nc2 42. e4 Rb3 43. Ra8 Nd4 44. Kg5 Rxg3+ 45. Kh6 Nc6 46. Kg7
Rf3 47. Kxf7 Rxf4+ 48. Kxg6 Nxe5+ 49. Kg5 Rxe4 50. Ra1 Nc6 51. Kf6 Rf4+ 52. Kg5
e5 53. Rd1+ Ke6 54. Rh1 Nd4 0-1

[Event "Continental Class Ch."]
[Site "Arlington, VA"]
[Date "2013.10.12"]
[Round "5.13"]
[White "Khan, Shamim"]
[Black "Kumar, Aravind"]
[Result "0-1"]
[WhiteElo "1943"]
[BlackElo "2066"]
[PlyCount "60"]
[EventDate "2013.10.??"]
[EventType "swiss"]
[EventRounds "9"]
[EventCountry "USA"]
[SourceDate "2013.10.10"]

1. Nf3 d5 2. d3 c6 3. g3 Bg4 4. Bg2 Nf6 5. Nbd2 e6 6. O-O Be7 7. c4 O-O 8. Qc2
a5 9. e4 Bxf3 10. Nxf3 Na6 11. a3 Rc8 12. e5 Nd7 13. h4 Re8 14. b3 b5 15. Bh3
Qc7 16. Bf4 Qb7 17. Rfb1 Nc7 18. Qd2 Qa6 19. Qe2 a4 20. cxb5 Nxb5 21. d4 Qa7
22. Qb2 axb3 23. a4 Nc7 24. Qxb3 Rb8 25. Qc2 c5 26. dxc5 Nxc5 27. Be3 N7a6 28.
Rc1 Qd7 29. Bxc5 Nxc5 30. a5 Ne4 0-1

[Event "Continental Class Ch."]
[Site "Arlington, VA"]
[Date "2013.10.12"]
[Round "5.14"]
[White "Hetzer, Volkhard"]
[Black "Nieto, Manuel Valerio Wald"]
[Result "1/2-1/2"]
[WhiteElo "1940"]
[BlackElo "2014"]
[PlyCount "60"]
[EventDate "2013.10.??"]
[EventType "swiss"]
[EventRounds "9"]
[EventCountry "USA"]
[SourceDate "2013.10.10"]

1. Nf3 Nf6 2. c4 c5 3. Nc3 Nc6 4. e3 g6 5. d4 cxd4 6. exd4 d5 7. cxd5 Nxd5 8.
Bc4 Nb6 9. Bb5 Bg7 10. O-O O-O 11. Bxc6 bxc6 12. h3 Qc7 13. Bg5 Be6 14. Rc1 Qb7
15. Ne4 Bd5 16. Nc5 Qc7 17. Re1 Rfe8 18. Bh4 Bxf3 19. Qxf3 Nd5 20. Nd3 Qb6 21.
Ne5 Bxe5 22. dxe5 Qxb2 23. Rxc6 e6 24. Qe2 Qxe2 25. Rxe2 Rec8 26. Rxc8+ Rxc8
27. Bf6 Nxf6 28. exf6 h5 29. Rb2 e5 30. Rb7 Rc6 1/2-1/2

[Event "Continental Class Ch."]
[Site "Arlington, VA"]
[Date "2013.10.12"]
[Round "6.2"]
[White "Lenderman, Alex"]
[Black "Smith, Bryan G"]
[Result "1/2-1/2"]
[WhiteElo "2539"]
[BlackElo "2448"]
[PlyCount "84"]
[EventDate "2013.10.??"]
[EventType "swiss"]
[EventRounds "9"]
[EventCountry "USA"]
[SourceDate "2013.10.10"]

1. d4 Nf6 2. c4 e6 3. Nc3 Bb4 4. e3 b6 5. Nge2 c5 6. a3 Ba5 7. Rb1 Na6 8. g3
Bb7 9. d5 O-O 10. Bg2 b5 11. b3 b4 12. axb4 Nxb4 13. e4 exd5 14. exd5 Na2 15.
Bd2 Nxc3 16. Bxc3 Bxc3+ 17. Nxc3 Re8+ 18. Ne2 Qe7 19. Rb2 Qe5 20. Qc2 d6 21.
O-O Bc8 22. Nc3 Bd7 23. Qc1 a5 24. Re2 Qf5 25. Rfe1 Rxe2 26. Nxe2 a4 27. bxa4
Rxa4 28. Nf4 Ra8 29. Qb2 Re8 30. Ra1 g5 31. Ne2 Ng4 32. Nc3 Qd3 33. Nb5 Bxb5
34. cxb5 c4 35. h3 c3 36. Qc1 Ne5 37. Qxg5+ Kf8 38. Qh6+ Kg8 39. Qe3 c2 40.
Qg5+ Kf8 41. Qh6+ Kg8 42. Qg5+ Kf8 1/2-1/2

[Event "Continental Class Ch."]
[Site "Arlington, VA"]
[Date "2013.10.12"]
[Round "6.7"]
[White "Rakhmanov, Alexander"]
[Black "Sarkar, Justin"]
[Result "1-0"]
[WhiteElo "2603"]
[BlackElo "2455"]
[PlyCount "57"]
[EventDate "2013.10.??"]
[EventType "swiss"]
[EventRounds "9"]
[EventCountry "USA"]
[SourceDate "2013.10.10"]

1. c4 g6 2. g3 Bg7 3. Bg2 c5 4. Nc3 Nc6 5. d3 d6 6. Qd2 Bd7 7. b3 Nf6 8. Bb2
O-O 9. e3 a6 10. Nge2 Rb8 11. O-O b5 12. Rad1 Qc8 13. Nd5 Nxd5 14. cxd5 Nd8 15.
Bxg7 Kxg7 16. d4 Nb7 17. dxc5 dxc5 18. e4 a5 19. Nf4 b4 20. h4 a4 21. Qb2+ Kg8
22. Rc1 Nd6 23. e5 Nb5 24. e6 Be8 25. bxa4 Nc3 26. exf7+ Rxf7 27. Bh3 Bd7 28.
Bxd7 Qxd7 29. Rxc3 1-0

[Event "Continental Class Ch."]
[Site "Arlington, VA"]
[Date "2013.10.12"]
[Round "6.8"]
[White "Homa, Seth"]
[Black "Chandra, Akshat"]
[Result "1-0"]
[WhiteElo "2351"]
[BlackElo "2318"]
[PlyCount "83"]
[EventDate "2013.10.??"]
[EventType "swiss"]
[EventRounds "9"]
[EventCountry "USA"]
[SourceDate "2013.10.10"]

1. c4 e6 2. Nc3 d5 3. d4 Nf6 4. cxd5 exd5 5. Bg5 Nbd7 6. e3 c6 7. Bd3 Be7 8.
Qc2 O-O 9. Nge2 Re8 10. O-O Nf8 11. f3 Ng6 12. Rae1 Be6 13. Kh1 Rc8 14. Ng3 c5
15. Nf5 Bxf5 16. Bxf5 Rc6 17. Qd2 h6 18. Bxg6 hxg5 19. Bc2 a6 20. Bb3 cxd4 21.
exd4 Bb4 22. Re5 Bxc3 23. bxc3 Ree6 24. Qxg5 Rxc3 25. Rxd5 Rd6 26. Rxd6 Qxd6
27. Rd1 b5 28. Qe5 Qd7 29. d5 Rc8 30. h3 a5 31. a3 Re8 32. Qc3 Qd6 33. Qxa5 Nh5
34. Qb4 Ng3+ 35. Kh2 Qe5 36. f4 Qe3 37. d6 Ne4 38. Qe1 Qxf4+ 39. g3 Qf3 40. Bd5
Qf2+ 41. Qxf2 Nxf2 42. Rd2 1-0

[Event "Continental Class Ch."]
[Site "Arlington, VA"]
[Date "2013.10.12"]
[Round "6.9"]
[White "Gutman, Joshua"]
[Black "Vibbert, Sean"]
[Result "1/2-1/2"]
[WhiteElo "2133"]
[BlackElo "2299"]
[PlyCount "70"]
[EventDate "2013.10.??"]
[EventType "swiss"]
[EventRounds "9"]
[EventCountry "USA"]
[SourceDate "2013.10.10"]

1. d4 d5 2. c4 e6 3. Nf3 Nf6 4. Nc3 Nbd7 5. g3 c6 6. Bg2 dxc4 7. O-O Bb4 8. Qc2
O-O 9. Rd1 Qa5 10. Bg5 Nd5 11. e4 Nxc3 12. bxc3 Ba3 13. e5 b5 14. Nh4 Qc7 15.
Be4 f5 16. exf6 Nxf6 17. Bg2 Bb7 18. Re1 Rae8 19. Bh3 c5 20. Rxe6 cxd4 21. cxd4
Rxe6 22. Bxe6+ Kh8 23. Qf5 Bc8 24. Qh3 Bxe6 25. Ng6+ Kg8 26. Qxe6+ Qf7 27. Nxf8
Bxf8 28. Qe2 a5 29. Rb1 b4 30. Bxf6 gxf6 31. Re1 a4 32. Qg4+ Kh8 33. Qc8 Kg7
34. Qg4+ Kh8 35. Qc8 Kg7 1/2-1/2

[Event "Continental Class Ch."]
[Site "Arlington, VA"]
[Date "2013.10.12"]
[Round "6.11"]
[White "Yanayt, Eugene"]
[Black "Kumar, Aravind"]
[Result "1-0"]
[WhiteElo "2229"]
[BlackElo "2066"]
[PlyCount "41"]
[EventDate "2013.10.??"]
[EventType "swiss"]
[EventRounds "9"]
[EventCountry "USA"]
[SourceDate "2013.10.10"]

1. d4 d5 2. c4 c6 3. Nf3 Nf6 4. Qc2 e6 5. g3 Nbd7 6. Bg2 Bd6 7. O-O O-O 8. Rd1
Qe7 9. b3 dxc4 10. bxc4 e5 11. d5 cxd5 12. cxd5 Nb6 13. Nc3 Bd7 14. Qb3 Bb4 15.
Nxe5 Rac8 16. Nxd7 Rxc3 17. Nxf6+ gxf6 18. Qb1 Qxe2 19. Bd2 Ba5 20. Qf5 Ra3 21.
Be4 1-0

[Event "Continental Class Ch."]
[Site "Arlington, VA"]
[Date "2013.10.12"]
[Round "6.12"]
[White "Chan, James"]
[Black "Katz, Benjamin"]
[Result "1-0"]
[WhiteElo "2039"]
[BlackElo "2141"]
[PlyCount "67"]
[EventDate "2013.10.??"]
[EventType "swiss"]
[EventRounds "9"]
[EventCountry "USA"]
[SourceDate "2013.10.10"]

1. e4 e6 2. d4 d5 3. e5 c5 4. c3 Qb6 5. Nf3 Nc6 6. a3 Bd7 7. b4 cxb4 8. cxb4
Rc8 9. Bb2 Na5 10. Nbd2 Nc4 11. Nxc4 dxc4 12. Rc1 a5 13. Nd2 axb4 14. Nxc4 Rxc4
15. Bxc4 bxa3 16. Ba1 Ne7 17. O-O Bc6 18. Rb1 Qd8 19. Bb5 Qd7 20. Qa4 f6 21.
Rfc1 Kf7 22. Rb3 h5 23. Rcb1 Kg6 24. Qxa3 Nf5 25. Bxc6 bxc6 26. Qa8 h4 27. h3
fxe5 28. Rb7 Qd5 29. Qe8+ Kh7 30. dxe5 Bc5 31. Qh5+ Nh6 32. Rxg7+ Kxg7 33. Qg5+
Kf7 34. Qf6+ 1-0

[Event "Continental Class Ch."]
[Site "Arlington, VA"]
[Date "2013.10.12"]
[Round "6.15"]
[White "Yagiz, Bora"]
[Black "Nieto, Guillermo Luigui"]
[Result "0-1"]
[WhiteElo "1907"]
[BlackElo "1978"]
[PlyCount "106"]
[EventDate "2013.10.??"]
[EventType "swiss"]
[EventRounds "9"]
[EventCountry "USA"]
[SourceDate "2013.10.10"]

1. e4 d5 2. exd5 Nf6 3. d4 Bg4 4. Nf3 Bxf3 5. Qxf3 Qxd5 6. Be2 Nc6 7. Be3 O-O-O
8. Qh3+ e6 9. c3 h6 10. Nd2 Be7 11. Bc4 Qd6 12. Qf3 e5 13. O-O-O exd4 14. Nb3
Ne5 15. Qf5+ Nfd7 16. Rxd4 Qf6 17. Qxf6 Bxf6 18. Be2 Nc6 19. Rd2 Nb6 20. Rhd1
Rxd2 21. Rxd2 Ne5 22. Na5 Re8 23. Kc2 c6 24. c4 Kc7 25. Bc5 Be7 26. Bd4 Bb4 27.
Bc3 Bc5 28. f4 Ng6 29. Bxg7 Nxf4 30. Bf3 Bb4 31. Bc3 Bxc3 32. Kxc3 Re7 33. g3
Re3+ 34. Kc2 Rxf3 35. gxf4 Rxf4 36. b3 c5 37. a3 f5 38. Kc3 h5 39. b4 Rf3+ 40.
Kb2 Na4+ 41. Ka2 Nc3+ 42. Kb2 Ne4 43. Rd5 b6 44. Nb3 Rf2+ 45. Kc1 cxb4 46. axb4
Nc3 47. Rd3 Na2+ 48. Kb1 Nxb4 49. Rh3 a5 50. Rxh5 a4 51. Rh7+ Kc8 52. Nc1 a3
53. Ra7 Rb2+ 0-1

[Event "Continental Class Ch."]
[Site "Arlington, VA"]
[Date "2013.10.12"]
[Round "6.16"]
[White "Strenzwilk, Denis"]
[Black "Khan, Shamim"]
[Result "1-0"]
[WhiteElo "1956"]
[BlackElo "1943"]
[PlyCount "33"]
[EventDate "2013.10.??"]
[EventType "swiss"]
[EventRounds "9"]
[EventCountry "USA"]
[SourceDate "2013.10.10"]

1. d4 d5 2. Nf3 e6 3. Bf4 c5 4. e3 Nc6 5. c3 Nf6 6. Bd3 Bd6 7. Bg3 Qe7 8. Nbd2
O-O 9. Ne5 Bd7 10. O-O a6 11. f4 Rfc8 12. Qf3 b5 13. Bh4 Be8 14. Qh3 h6 15. Ng4
Nd8 16. Bxf6 gxf6 17. Qxh6 1-0

[Event "Continental Class Ch."]
[Site "Arlington, VA"]
[Date "2013.10.13"]
[Round "7.3"]
[White "Lenderman, Alex"]
[Black "Stripunsky, Alexander"]
[Result "1-0"]
[WhiteElo "2539"]
[BlackElo "2549"]
[PlyCount "48"]
[EventDate "2013.10.??"]
[EventType "swiss"]
[EventRounds "9"]
[EventCountry "USA"]
[SourceDate "2013.10.10"]

1. Nf3 d5 2. b3 Bf5 3. Bb2 e6 4. g3 Nf6 5. Bg2 h6 6. O-O Be7 7. c4 c6 8. d3 O-O
9. Nbd2 Bh7 10. Rc1 a5 11. a3 Nbd7 12. Rc2 Re8 13. Qa1 Bd6 14. Ne5 Nxe5 15.
Bxe5 Bxe5 16. Qxe5 Qe7 17. Ra1 Qc5 18. h3 Qb6 19. Rb1 Nd7 20. Qb2 Qa7 21. b4
axb4 22. axb4 Nb6 23. Rcc1 Qa2 24. Kf1 e5 1-0

[Event "Continental Class Ch."]
[Site "Arlington, VA"]
[Date "2013.10.13"]
[Round "7.4"]
[White "Kekelidze, Mikheil"]
[Black "Reis, Renan do Carmo"]
[Result "0-1"]
[WhiteElo "2463"]
[BlackElo "2259"]
[PlyCount "134"]
[EventDate "2013.10.??"]
[EventType "swiss"]
[EventRounds "9"]
[EventCountry "USA"]
[SourceDate "2013.10.10"]

1. d4 d5 2. c4 c6 3. Nf3 e6 4. g3 dxc4 5. Bg2 b5 6. O-O Bb7 7. Ne5 Nf6 8. a4 a6
9. Nc3 Nd5 10. e4 Nxc3 11. bxc3 Nd7 12. f4 Be7 13. Rb1 Nxe5 14. fxe5 O-O 15.
Qg4 Kh8 16. Rb2 Qa5 17. Rf3 Ba3 18. Rb1 Bxc1 19. Rxc1 bxa4 20. Rff1 Qc7 21. Qd1
c5 22. Qxa4 Bc6 23. Qa3 cxd4 24. cxd4 Bb5 25. Rfd1 Rfd8 26. Qc3 Qb6 27. Kh1 Ba4
28. Rd2 Bb3 29. Rb1 a5 30. d5 Qb4 31. Qe3 a4 32. Rf2 Kg8 33. Rbf1 Rf8 34. Bh3
c3 35. Rxf7 Rxf7 36. Bxe6 Raf8 37. Bxf7+ Rxf7 38. Rxf7 Kxf7 39. Qa7+ Kg6 40.
Qa6+ Kg5 41. h4+ Kg4 42. Qe2+ Kxg3 43. Qe3+ Kg4 44. Kg2 Qe7 45. Qg3+ Kh5 46. d6
Qd8 47. Qf3+ Kh6 48. Qf4+ g5 49. hxg5+ Kh5 50. Kg3 c2 51. Qh4+ Kg6 52. Qh6+ Kf7
53. Qxh7+ Ke8 54. g6 Qg5+ 55. Kf3 c1=Q 56. Qh8+ Kd7 57. Qh3+ Kc6 58. Qc8+ Kb5
59. Qb7+ Kc5 60. Qc7+ Kb4 61. Qxc1 Qxc1 62. d7 Bd1+ 63. Kg3 Qg5+ 64. Kf2 Qd2+
65. Kg3 Qxd7 66. Kf4 Qe6 67. g7 Qf7+ 0-1

[Event "Continental Class Ch."]
[Site "Arlington, VA"]
[Date "2013.10.13"]
[Round "7.5"]
[White "Hasan, Mehdi"]
[Black "Rakhmanov, Alexander"]
[Result "0-1"]
[WhiteElo "2254"]
[BlackElo "2603"]
[PlyCount "64"]
[EventDate "2013.10.??"]
[EventType "swiss"]
[EventRounds "9"]
[EventCountry "USA"]
[SourceDate "2013.10.10"]

1. d4 d6 2. Nf3 g6 3. g3 Bg7 4. Bg2 Nf6 5. O-O O-O 6. c4 c6 7. Nc3 Bf5 8. Re1
Ne4 9. Nh4 Nxc3 10. bxc3 Be6 11. Qd3 Qa5 12. e4 Nd7 13. Bd2 Nb6 14. d5 Bd7 15.
Nf3 Rac8 16. Nd4 Qa6 17. Bf1 cxd5 18. exd5 Bf6 19. Reb1 Nxc4 20. Rb4 Nb6 21. c4
Nxc4 22. Bh6 Rfe8 23. Rab1 Nb6 24. Qb3 Qa5 25. Nb5 Bf5 26. Bd3 Bxd3 27. Qxd3
Nd7 28. Be3 Qxa2 29. Nxa7 Nc5 30. Bxc5 Rxc5 31. Rxb7 Rxd5 32. Qf1 Rc5 0-1

[Event "Continental Class Ch."]
[Site "Arlington, VA"]
[Date "2013.10.13"]
[Round "7.7"]
[White "Vibbert, Sean"]
[Black "Burke, John M"]
[Result "1-0"]
[WhiteElo "2299"]
[BlackElo "2005"]
[PlyCount "95"]
[EventDate "2013.10.??"]
[EventType "swiss"]
[EventRounds "9"]
[EventCountry "USA"]
[SourceDate "2013.10.10"]

1. e4 e5 2. Nf3 Nc6 3. Bb5 a6 4. Ba4 Nf6 5. O-O Be7 6. Bxc6 dxc6 7. d3 Bd6 8.
Nbd2 O-O 9. b3 Re8 10. Bb2 Nh5 11. Nc4 Nf4 12. g3 Nh3+ 13. Kg2 Ng5 14. Ng1 Qd7
15. Qh5 f6 16. f4 Nf7 17. f5 b5 18. Nd2 c5 19. Ngf3 Nh8 20. Nh4 Bb7 21. Qe2
Rad8 22. h3 Nf7 23. Kh2 Ng5 24. Nhf3 Nxf3+ 25. Rxf3 c4 26. bxc4 Bb4 27. c3 Bf8
28. Qe3 b4 29. Nb3 bxc3 30. Bxc3 Qa4 31. g4 Bb4 32. Bxb4 Qxb4 33. Rg1 h6 34. h4
Kf7 35. Rg2 Rh8 36. Rh3 Qc3 37. Nc5 Bc8 38. g5 hxg5 39. hxg5 fxg5 40. Rxg5
Rxh3+ 41. Qxh3 Qd2+ 42. Rg2 Qf4+ 43. Rg3 Qf2+ 44. Kh1 Qxc5 45. Qh5+ Kg8 46. f6
Rd7 47. Rh3 Qf8 48. f7+ 1-0

[Event "Continental Class Ch."]
[Site "Arlington, VA"]
[Date "2013.10.13"]
[Round "7.8"]
[White "Pressman, Leif"]
[Black "Gutman, Joshua"]
[Result "1/2-1/2"]
[WhiteElo "2250"]
[BlackElo "2133"]
[PlyCount "98"]
[EventDate "2013.10.??"]
[EventType "swiss"]
[EventRounds "9"]
[EventCountry "USA"]
[SourceDate "2013.10.10"]

1. e4 c5 2. c3 e5 3. Nf3 Nc6 4. Bc4 Nf6 5. Ng5 d5 6. exd5 Nxd5 7. Qh5 g6 8. Qf3
Qxg5 9. Bxd5 Nd8 10. O-O Qe7 11. Re1 Be6 12. Rxe5 Bg7 13. Re2 O-O 14. Bxe6 Nxe6
15. d3 Rfe8 16. Kf1 Rad8 17. Na3 Qd6 18. g3 Qxd3 19. Qxd3 Rxd3 20. Rd2 Rdd8 21.
Rxd8 Rxd8 22. Be3 a6 23. Ke2 b5 24. Nc2 Kf8 25. a4 Rb8 26. axb5 axb5 27. Ra7
Ke8 28. f4 h5 29. h3 Bf8 30. Kf3 f5 31. Ne1 c4 32. Nc2 b4 33. cxb4 Bxb4 34. Nd4
Bc5 35. Nxe6 Bxa7 36. Bxa7 Rxb2 37. Bd4 Ra2 38. Be3 Ke7 39. Nd4 Kd6 40. Nb5+
Kc6 41. Nd4+ Kd5 42. Ne2 Ra3 43. Nd4 Rd3 44. Nc2 Rb3 45. Nd4 Rb8 46. Ne2 Rb3
47. Nd4 Ra3 48. Ne2 Rb3 49. Nd4 Rd3 1/2-1/2

[Event "Continental Class Ch."]
[Site "Arlington, VA"]
[Date "2013.10.13"]
[Round "7.9"]
[White "Markzon, Gregory"]
[Black "Yanayt, Eugene"]
[Result "1-0"]
[WhiteElo "2197"]
[BlackElo "2229"]
[PlyCount "73"]
[EventDate "2013.10.??"]
[EventType "swiss"]
[EventRounds "9"]
[EventCountry "USA"]
[SourceDate "2013.10.10"]

1. d4 Nf6 2. c4 g6 3. Nc3 Bg7 4. e4 d6 5. Be2 O-O 6. Bg5 Na6 7. Qd2 e5 8. d5
Nc5 9. f3 h6 10. Be3 Nh5 11. g3 Kh7 12. O-O-O Qe8 13. Re1 f5 14. exf5 gxf5 15.
Bd1 a6 16. f4 e4 17. Bc2 b5 18. Bxc5 dxc5 19. Nxe4 Qd8 20. g4 fxe4 21. Bxe4+
Kh8 22. gxh5 bxc4 23. Nf3 Bg4 24. Ne5 Bxh5 25. Rhg1 Qh4 26. Bg6 Rf6 27. Bxh5
Qxh5 28. Qg2 Rg8 29. Qe4 Rd8 30. Rg6 Rxg6 31. Nxg6+ Kg8 32. Rg1 Qxh2 33. Rg2
Qh1+ 34. Kc2 Qh5 35. f5 Qh3 36. Nf4 Qh4 37. Rxg7+ 1-0

[Event "Continental Class Ch."]
[Site "Arlington, VA"]
[Date "2013.10.13"]
[Round "7.11"]
[White "Chandra, Akshat"]
[Black "Li, Ethan"]
[Result "1-0"]
[WhiteElo "2318"]
[BlackElo "2065"]
[PlyCount "45"]
[EventDate "2013.10.??"]
[EventType "swiss"]
[EventRounds "9"]
[EventCountry "USA"]
[SourceDate "2013.10.10"]

1. e4 e6 2. d4 d5 3. Nd2 Nf6 4. e5 Nfd7 5. Bd3 c5 6. c3 Nc6 7. Ne2 Qb6 8. Nf3
cxd4 9. cxd4 f6 10. exf6 Nxf6 11. O-O Bd6 12. b3 O-O 13. Bb2 Bd7 14. Ng3 Bf4
15. Re1 Ng4 16. Rf1 Nb4 17. Be2 Rac8 18. Ne1 Nh6 19. Nh5 Bd6 20. Nd3 Nc2 21.
Nc5 Bxc5 22. dxc5 Rxc5 23. Bxg7 1-0

[Event "Continental Class Ch."]
[Site "Arlington, VA"]
[Date "2013.10.13"]
[Round "7.12"]
[White "Katz, Benjamin"]
[Black "Nieto, Manuel Valerio Wald"]
[Result "1/2-1/2"]
[WhiteElo "2141"]
[BlackElo "2014"]
[PlyCount "40"]
[EventDate "2013.10.??"]
[EventType "swiss"]
[EventRounds "9"]
[EventCountry "USA"]
[SourceDate "2013.10.10"]

1. e4 d5 2. exd5 Nf6 3. c4 c6 4. d4 cxd5 5. Nc3 e6 6. Nf3 Be7 7. cxd5 exd5 8.
Bb5+ Bd7 9. Qb3 Qa5 10. O-O O-O 11. Bd2 Bb4 12. Bxd7 Nbxd7 13. a3 Bxc3 14. Bxc3
Qb6 15. Qa2 Rfe8 16. Rfe1 Rac8 17. a4 Qa6 18. Qb3 Qb6 19. Qa2 Qa6 20. Qb3 Qb6
1/2-1/2

[Event "Continental Class Ch."]
[Site "Arlington, VA"]
[Date "2013.10.13"]
[Round "7.13"]
[White "Kumar, Aravind"]
[Black "Strenzwilk, Denis"]
[Result "1-0"]
[WhiteElo "2066"]
[BlackElo "1956"]
[PlyCount "80"]
[EventDate "2013.10.??"]
[EventType "swiss"]
[EventRounds "9"]
[EventCountry "USA"]
[SourceDate "2013.10.10"]

1. d4 d5 2. c4 e6 3. Nc3 Be7 4. cxd5 exd5 5. Bf4 Nf6 6. e3 O-O 7. Bd3 c6 8. Nf3
Nbd7 9. O-O Re8 10. Rb1 a5 11. Qc2 Nf8 12. h3 Be6 13. a3 g6 14. Kh1 Nh5 15. Bh2
f5 16. Ne5 Nd7 17. b4 axb4 18. axb4 Nxe5 19. Bxe5 Qd7 20. Na4 Bd8 21. Nc5 Qf7
22. b5 Bc8 23. Nb3 Bd7 24. Nc5 Bc8 25. bxc6 bxc6 26. Be2 Nf6 27. Nd3 Qe6 28.
Rfc1 Ne4 29. f3 Ng5 30. Qxc6 Qxc6 31. Rxc6 Nf7 32. Rc5 Nxe5 33. Nxe5 Be6 34.
Bb5 Re7 35. Bc6 Rc8 36. Rbb5 Rec7 37. Bxd5 Bxd5 38. Rxd5 Ra8 39. Rb3 Ra1+ 40.
Kh2 Re1 1-0

[Event "Continental Class Ch."]
[Site "Arlington, VA"]
[Date "2013.10.13"]
[Round "7.15"]
[White "Khan, Shamim"]
[Black "Yagiz, Bora"]
[Result "1-0"]
[WhiteElo "1943"]
[BlackElo "1907"]
[PlyCount "73"]
[EventDate "2013.10.??"]
[EventType "swiss"]
[EventRounds "9"]
[EventCountry "USA"]
[SourceDate "2013.10.10"]

1. d4 d6 2. c4 g6 3. Nc3 Bg7 4. e4 Nf6 5. Nf3 O-O 6. h3 e5 7. Be3 exd4 8. Nxd4
Re8 9. Qc2 Na6 10. g3 Nc5 11. Bg2 a5 12. O-O c6 13. Rad1 Qc7 14. Rfe1 Bd7 15.
b3 Rad8 16. f4 Bc8 17. Kh2 Qe7 18. Bf2 Nh5 19. Re2 Ne6 20. Nxe6 Bxe6 21. Bf3
Qc7 22. Na4 Ra8 23. Qd2 b5 24. cxb5 cxb5 25. Nb6 Rab8 26. Qxd6 Qxd6 27. Rxd6
Bf8 28. Rdd2 Bb4 29. Rc2 Nf6 30. e5 Nd7 31. Nd5 Bf8 32. Rc7 Rec8 33. Rxd7 Bxd7
34. Nf6+ Kg7 35. Nxd7 a4 36. Bd4 Kh6 37. g4 1-0

[Event "Continental Class Ch."]
[Site "Arlington, VA"]
[Date "2013.10.13"]
[Round "8.5"]
[White "Stripunsky, Alexander"]
[Black "Vibbert, Sean"]
[Result "1-0"]
[WhiteElo "2549"]
[BlackElo "2299"]
[PlyCount "85"]
[EventDate "2013.10.??"]
[EventType "swiss"]
[EventRounds "9"]
[EventCountry "USA"]
[SourceDate "2013.10.10"]

1. d4 d5 2. Bf4 Nf6 3. e3 g6 4. Nf3 Bg7 5. Nbd2 O-O 6. Bd3 Nbd7 7. h3 Re8 8.
Bh2 b6 9. O-O Bb7 10. Ne5 Nxe5 11. Bxe5 Bh6 12. a4 Nd7 13. a5 Nxe5 14. dxe5 a6
15. axb6 c5 16. c4 d4 17. exd4 Qxd4 18. Nb3 Qxe5 19. Na5 Rab8 20. Re1 Qd6 21.
Qb3 Bd2 22. Nxb7 Rxb7 23. Red1 Bg5 24. Qa4 Qb8 25. b4 Rxb6 26. bxc5 Rb2 27.
Rab1 Rd8 28. Rxb2 Qxb2 29. c6 Bf4 30. c5 Rd4 31. Qxa6 Kg7 32. g3 Be5 33. Qb7
Rd5 34. Qxe7 Bd4 35. Qe2 Qb8 36. Qf3 Rxc5 37. Bxg6 hxg6 38. Rxd4 Qb6 39. Rd7
Rf5 40. Qc3+ Kh7 41. Rd4 g5 42. Qc2 Qc5 43. Rc4 1-0

[Event "Continental Class Ch."]
[Site "Arlington, VA"]
[Date "2013.10.13"]
[Round "8.6"]
[White "Homa, Seth"]
[Black "Markzon, Gregory"]
[Result "1-0"]
[WhiteElo "2351"]
[BlackElo "2197"]
[PlyCount "91"]
[EventDate "2013.10.??"]
[EventType "swiss"]
[EventRounds "9"]
[EventCountry "USA"]
[SourceDate "2013.10.10"]

1. d4 Nf6 2. c4 g6 3. Nc3 Bg7 4. e4 d6 5. f3 O-O 6. Be3 a6 7. Qd2 Nc6 8. Nge2
Rb8 9. Rc1 Re8 10. g3 e5 11. d5 Na5 12. Nd1 c5 13. dxc6 bxc6 14. b4 Nb7 15.
Nec3 Be6 16. Be2 h5 17. O-O Nh7 18. Nf2 Qe7 19. Rfd1 Rbd8 20. a4 f5 21. b5 axb5
22. axb5 cxb5 23. Nd5 Qf7 24. cxb5 Nc5 25. Bc4 Rf8 26. Nd3 f4 27. gxf4 Nxd3 28.
Qxd3 Kh8 29. Rf1 Rc8 30. Nb6 Rxc4 31. Nxc4 exf4 32. Bd4 Ng5 33. Bxg7+ Kxg7 34.
Qd4+ Kh6 35. Nxd6 Qe7 36. Qc5 Qg7 37. Kh1 Bh3 38. Rf2 Ne6 39. Qc3 Qa7 40. Rb2
Qb6 41. Nc4 Qc5 42. Ne5 Qe7 43. b6 Nd8 44. Qc5 Qg7 45. b7 Ne6 46. Qxf8 1-0

[Event "Continental Class Ch."]
[Site "Arlington, VA"]
[Date "2013.10.13"]
[Round "8.7"]
[White "Chandra, Akshat"]
[Black "Kekelidze, Mikheil"]
[Result "0-1"]
[WhiteElo "2318"]
[BlackElo "2463"]
[PlyCount "62"]
[EventDate "2013.10.??"]
[EventType "swiss"]
[EventRounds "9"]
[EventCountry "USA"]
[SourceDate "2013.10.10"]

1. e4 e5 2. Nf3 Nc6 3. Bb5 Nf6 4. d3 d6 5. O-O g6 6. c4 Bg7 7. Nc3 O-O 8. h3
Nd7 9. Be3 Nd4 10. Bxd7 Nxf3+ 11. Qxf3 Bxd7 12. Rfd1 f5 13. exf5 Bc6 14. Qe2
gxf5 15. f3 Qh4 16. Bf2 Qh5 17. d4 Rae8 18. d5 Bd7 19. Nb5 Bxb5 20. cxb5 e4 21.
Rac1 e3 22. Be1 Rf7 23. Rc4 f4 24. Bc3 Bxc3 25. bxc3 Re5 26. Rdd4 Qg5 27. Ra4
Rxd5 28. Rxd5 Qxd5 29. Rxa7 Qd2 30. Kf1 Qc1+ 31. Qe1 e2+ 0-1

[Event "Continental Class Ch."]
[Site "Arlington, VA"]
[Date "2013.10.13"]
[Round "8.11"]
[White "Nieto, Manuel Valerio Wald"]
[Black "Kumar, Aravind"]
[Result "1/2-1/2"]
[WhiteElo "2014"]
[BlackElo "2066"]
[PlyCount "51"]
[EventDate "2013.10.??"]
[EventType "swiss"]
[EventRounds "9"]
[EventCountry "USA"]
[SourceDate "2013.10.10"]

1. Nf3 Nf6 2. c4 c6 3. d4 d5 4. cxd5 cxd5 5. Nc3 Nc6 6. Bf4 a6 7. Rc1 e6 8. e3
Bd6 9. Bxd6 Qxd6 10. Bd3 O-O 11. O-O h6 12. Na4 Nd7 13. Bb1 f5 14. h3 b5 15.
Nc5 Nxc5 16. Rxc5 Bd7 17. Qc2 Rac8 18. Rc1 Na5 19. b3 Nb7 20. Rxc8 Rxc8 21. Qd2
Rxc1+ 22. Qxc1 Qc6 23. Qxc6 Bxc6 24. Ne5 Be8 25. Bd3 Kf8 26. Kf1 1/2-1/2